Marketing para dummies / (Registro nro. 322809)
[ vista simple ]
| 000 -ENCABEZADO | |
|---|---|
| Número de control [NR] | 00734nam a22002177a 4500 |
| 005 - FECHA Y HORA DE LA ÚLTIMA TRANSACCIÓN | |
| control field | 20230710132336.0 |
| 008 - DE LONGITUD FIJA DE DATOS DE ELEMENTOS - INFORMACIÓN GENERAL | |
| Elementos de longitud fija [NR] | 230710b ||||| |||| 00| 0 eng d |
| 020 ## - NUMERO INTERNACIONAL NORMALIZADO PARA LIBROS [R] | |
| Número Internacional Normalizado del libro [NR] | 9788432904967 |
| 040 ## - FUENTE DE CATALOGACION [NR] | |
| Agencia de catalogación original [NR] | CO-BoUCM |
| Quien Cataloga | David Moreno |
| Quien Clasifica | David Moreno |
| 041 ## - CODIGO DE IDIOMA [R] | |
| Código de idioma para texto/pista de sonido o título separado [R] | Español |
| 100 10 - ASIENTO PRINCIPAL--NOMBRE PERSONAL [NR] | |
| Nombre personal [NR] | Andrés, Patricia de |
| ID Autoridad | 178052 |
| 245 1# - MENCION DE TITULO [NR] | |
| Título [NR] | Marketing para dummies / |
| Mención de responsabilidad, etc. [NR] | Patricia de Andrés |
| 260 ## - PUBLICACION, DISTRIBUCION, ETC. (PIE DE IMPRENTA) [R] | |
| Lugar de publicación, distribución, etc. [R] | Barcelona |
| Nombre del editor, distribuidor, etc. [R] | Centro Libros PAPF |
| Fecha de publicación, distribución, etc. [R] | 2018 |
| 300 ## - DESCRIPCION FISICA [R] | |
| Extensión [R] | XVII, 310 Paginas, ilustraciones |
| 490 ## - MENCION DE SERIE [R] | |
| Mención de serie [R] | (Para dummies) |
| 500 ## - NOTA GENERAL [R] | |
| Nota general [NR] | "Con dummies es mas fácil"--Cubierta |
| 504 ## - NOTA DE BIBLIOGRAFIA, ETC. [R] | |
| Nota de bibliografía, etc. [NR] | Incluye referencias bibliográficas e índices |
| 650 #0 - ASIENTO SECUNDARIO DE MATERIA - TERMINO TEMATICO [R] | |
| 9 (RLIN) | 43399 |
| Término temático o nombre geográfico como elemento de entrada [NR] | Marketing. |
| 942 ## - ELEMENTOS DE ENTRADA AGREGADOS (KOHA) | |
| Sistema de clasificación | DEWEY |
| Tema principal | Administración |
| Tipo de ítem principal el descrito en 300a | Libro |
| Edición | 1 |
| Clasificación | 658.8 |
| Parte restante de la signatura top. | A561m |
| Título oculto en OPAC | No |
| Fecha de último préstamo | Total préstamos | Total Renewals | Signatura topográfica | Código de barras | Última vez visto | Ejemplar | Costo de reposición | Price effective from | Tipo de ítem | Perdido | Sistema de clasificación | Dañado | No prestable | Tipo de ítem específico | Suprimido | Ubicación habitual | Ubicación actual | Localización | Fecha de creación | Forma de adquisición | Costo |
|---|---|---|---|---|---|---|---|---|---|---|---|---|---|---|---|---|---|---|---|---|---|
| 29/01/2026 | 5 | 4 | 658.8 A561m | 100171458 | 02/02/2026 | Ej.1 | 169152.00 | 10/07/2023 | Libro | DEWEY | Libro | Sede del emprendimiento y la innovación | Sede del Emprendimiento, Innovación y Creación | 1er piso | 10/07/2023 | Compra | 169152.00 |